|
|
|
|
| LEADER |
01524nam a2200265 a 4500 |
| 001 |
GR-MES16781 |
| 008 |
141106s2013 gr gz 000 0 gre d |
| 040 |
|
|
|a GrPaTEI
|b gre
|c GR-PaULI
|
| 040 |
|
|
|a GrPaTEI
|b gre
|c GR-PaULI
|
| 100 |
1 |
|
|a Οικονόμου, Κωνσταντίνα
|
| 245 |
1 |
0 |
|a Θεωριτική περιγραφή των μηχανισμών εξασθένησης οπτικού σήματος και η πειραματική μελέτη τους /
|c Σπουδαστές: Κωνσταντίνα Οικονόμου, Γιώργος Παρασκευόπουλος ; Επιβλέπων: Σπυρίδων Λούβρος.
|
| 260 |
|
|
|a Αντίρριο :
|b ΤΕΙ Δυτικής Ελλάδας :
|b 2013
|
| 300 |
|
|
|a 140 σ. :
|b εικ., σχημ.
|
| 504 |
|
|
|a Βιβλιογραφία: σ. 139-140
|
| 650 |
|
4 |
|a Οπτικές ίνες
|
| 650 |
|
4 |
|a Πτυχιακή εργασία
|y 2013
|
| 700 |
1 |
|
|a Λούβρος, Σπυρίδων
|
| 700 |
1 |
|
|a ΠΑΡΑΣΚΕΥΟΠΟΥΛΟΣ, ΓΕΩΡΓΙΟΣ
|
| 710 |
0 |
|
|a ΤΕΙ Δυτικής Ελλάδας
|
| 710 |
2 |
|
|a Τμήμα Τηλεπικοινωνιακών Συστημάτων και Δικτύων
|
| 856 |
4 |
0 |
|u https://nereus.library.upatras.gr/formermes//ptyxiakes/ste/ste_cied/2011-2015/321pe.pdf
|
| 942 |
|
|
|2 ddc
|
| 952 |
|
|
|0 0
|1 0
|2 ddc
|4 0
|7 0
|9 274776
|a MSLG
|b MSLG
|c BSC
|d 2021-01-17
|e 24
|f 0
|g 0.00
|l 0
|p 24200321
|r 2021-01-17 00:00:00
|t 1
|v 2021.00
|w 2021-01-17
|y BK15
|x 20141106 0 Α.Ι. 0
|x GrPaTEI
|
| 971 |
|
|
|a .b25828307
|b 16-04-20
|c 13-09-16
|
| 999 |
|
|
|c 159101
|d 159101
|